| 000 | 00708nmm a2200265 a 4500 | ||
|---|---|---|---|
| 003 | AR-BaBNM | ||
| 005 | 20251128211227.0 | ||
| 008 | 173020s2003 ||||||||||||||000 | spa|| | ||
| 020 | _a987-1107-01-3 | ||
| 040 | _cAR-BaBNM | ||
| 100 | 1 | _aKoremblit, Bernardo Ezequiel | |
| 245 | 1 | 0 | _aGerchunoff o el vellocino de la literatura |
| 260 |
_aBuenos Aires _bDunken _c2003 |
||
| 300 | _a118 p. | ||
| 650 | 4 | _aLITERATURA ARGENTINA | |
| 650 | 4 | _aCRITICA LITERARIA | |
| 650 | 4 | _aESCRITORES | |
| 650 | 4 | _aLITERATURA CONTEMPORANEA | |
| 650 | 4 | _aBIOGRAFIAS | |
| 650 | 4 | _aPERIODISMO | |
| 655 | _aLITERATURA | ||
| 710 | 2 | _aAcademia Nacional de Periodismo [Buenos Aires] | |
| 942 | _cBK | ||
| 998 | _cmartin | ||
| 999 |
_c18809 _d18809 |
||